000 00809nam a22002417a 4500
003 UA-OsUOA
001 28521
007 ta
008 20050404b un ||||| |||| 00| 0 ukr d
090 _a659.4: 324
_bР68
942 _cBK
040 _aUA-OsUOA
_bukr
_cUA-OsUOA
_dUA-OsUOA
245 _aРоль і місце засобів масової інформації у виборчому процесі
_bЗбірник матеріалів міжнародної науково-практичної конференції (доповіді, виступи, рекомендації)
_cРед. М. М.Рябець
300 _a134 с.
955 _a0
041 _aukr
080 _a659.4: 324
020 _a966-95532-4-7
260 _aК.
_c2000
044 _aUA
650 7 _2UDC
999 _c314890
_d314890